000 00845nam a2200241 a 4500
001 BRCA_7480
005 20190320205842.0
008 250413s1848----enkc######---#000-0#eng-#
041 _aeng
044 _aenk
050 4 _aDA485
_b.E54 1848
245 1 0 _aEngland under the house of Hanover
_bits history and condition during the reigns of the three Georges
_cillustrated from Thomas Wright.
260 _aLondres
_bR. Bentley
_c1848
300 _a2 v.
_bil., retratos
_c22 cm.
500 _aEstado físico: volumen 2 con tapas y lomo rotos, sujetado por un lazo
500 _aR3
505 0 _av.1 George I and II.-- v2. George III
651 4 _aGran Bretaña
_xPolítica y gobierno
_y1714-1820
_918412
651 4 _aGran Bretaña
_xVida social y costumbres
_918413
700 1 _aWright, Thomas
_eil.
_918414
902 _aGFM
942 _2lcc
_cB
999 _c7155
_d7155